Loading...
Literature - British Literature | 1 | 3 | 0 | 0 | 45 | 75 | 82.75 | 1 | 3 |
Literature - European Literature | 1 | 1 | 0 | 0 | 25 | 64 | 103.00 | 0 | 1 |
Beliefs | 1 | 1 | 0 | 0 | 25 | 41 | 67.00 | 1 | 2 |
Philosophy | 1 | 1 | 0 | 1 | 25 | 63 | 69.50 | 1 | 2 |
Other Arts: Visual | 0 | 2 | 0 | 1 | 20 | 83 | 112.50 | 1 | 1 |
World and Other Literature | 1 | 0 | 0 | 0 | 15 | 39 | 39.00 | 1 | 1 |
Fine Arts - Visual Fine Arts | 0 | 2 | 1 | 0 | 15 | 91 | 93.00 | 0 | 2 |
Geography | 1 | 0 | 0 | 0 | 15 | 52 | 52.00 | 1 | 1 |
Ancient History and Archaeology | 1 | 0 | 0 | 0 | 15 | 68 | 68.00 | 1 | 1 |
Other Academic | 0 | 1 | 0 | 0 | 10 | 82 | 82.00 | 1 | 1 |
History - European History | 0 | 1 | 0 | 0 | 10 | 106 | 106.00 | 0 | 0 |
History - World History | 0 | 1 | 0 | 0 | 10 | 81 | 81.00 | 0 | 1 |
Social Science | 0 | 1 | 1 | 0 | 5 | 116 | 116.00 | 1 | 1 |
Current Events | 0 | 0 | 1 | 0 | -5 | 0.00 | 0 | 0 |